1126 1938 1176 1652 1161 1210 1262 1175 1591 1223 1979 1984 1315 1009 1381 1677 1162 1216 1545 1038 1894 1465 1105 1740 1374 1268 1751 1411 1757 1916 1292 1646 1207 1793 1730 1458 1080 1780 1563 1882 1483 1290 1402 1299 1120 1298 1809 1867 1806 1768 1491 1158 1149 1757 1457 1650 1789 1173 1641 1349 1689 1174 1591 1512 1701 1931 1507 1762 1026 1369 1156 1423 1960 1135 1069 1362 1131 1254 1577 1118 1046 1468 1137 1209 1749 1647 1599 1850 1666 1159 1469 1492 1057 1322 1513 1911 1489 1112 1610 BCNSPRNW ULIB Ver.6.0+V

เปลี่ยนเป็นภาษาไทย

Change to English
 แสดงรายละเอียดบรรณานุกรม
  กลับหน้าหลัก

Brief Record : Get Marc (ISO 2709) : E-mail record : QR code < ปิดหน้าต่าง
LEADER : 00000nam 2200000uu 4500
001    13399111593
003     ULIB
008    110703s||||||||th 000 0 tha d
050  4 BQ4570^bพ328ธ 2546
100 0  พระเทพดิลก
245 10 กาสลักหรือกาสัก คืออะไร?/^cพระเทพดิลก
260    กรุงเทพฯ :^bกองทุนไตรรัตนานุภาพ,^c2546
300    61 หน้า ;^c21 ซม.
440  0 อยู่เย็นเป็นสุข อันดับที่ 14
650  7 ธรรมะกับชีวิตประจำวัน
945    ^p0^l0^i020677
995    ทศพร
999 ^a ใช้งานได้ทุกระบบ
รายการนี้ยังไม่มีแท็ก
คุณยังไม่ได้ล็อกอิน คุณสามารถมีกิจกรรมร่วมกับเว็บไซต์ได้ แต่ต้องล็อกอินก่อน ::
  ล็อกอิน

รายการสื่อสารสนเทศ

ลำดับที่ ประเภท เลขเรียก/บาร์โค้ด สถานที่ สถานะ
- ไม่พบข้อมูล -

รายการใกล้เคียง
    หัวเรื่อง [ธรรมะกับชีวิตประจำวัน]

BibComment


ยังไม่เคยถูกคอมเมนท์

คอมเมนท์ทรัพยากรรายการนี้
  คอมเมนท์: กาสลักหรือกาสัก ค..


 Copyright 2026. Bcnsprnw @Library